| 000 | 00474nam a2200157 4500 | ||
|---|---|---|---|
| 999 |
_c1609 _d1609 |
||
| 008 | 200127b ||||| |||| 00| 0 eng d | ||
| 082 | 0 | 0 |
_a623.85 _bJ124 |
| 100 |
_91242 _aJackson, Leslie |
||
| 245 | 1 | 0 |
_aReed'S Vol. 10: instrumentation and control systems / _cby Leslie Jackson |
| 250 | _a2nd ed. | ||
| 260 |
_aLondon _bThomas Reed _c1975 |
||
| 300 | _a262 p. | ||
| 490 | 0 |
_aReed's Marine Engineering Series _vVol. 10 |
|
| 650 | 0 | _aEngineering Instruments | |
| 942 |
_2ddc _cBK |
||